[Event "RUS-chT U18"]
[Site "St Petersburg"]
[Date "2015.08.09"]
[Round "9.19"]
[White "Serov, Danila"]
[Black "Kovalev, Egor"]
[Result "1/2-1/2"]
[WhiteElo "1970"]
[BlackElo "2186"]
[PlyCount "82"]
[EventDate "2015.08.01"]
[EventType "team-swiss"]
[EventRounds "9"]
[EventCountry "RUS"]
[SourceTitle "CBM 167 Extra"]
[Source "ChessBase"]
[SourceDate "2015.09.14"]
[SourceVersion "1"]
[SourceVersionDate "2015.09.14"]
[SourceQuality "1"]
[WhiteTeam "Samara Rook"]
[BlackTeam "Moscow SSHOR Youth III"]
[WhiteTeamCountry "RUS"]
[BlackTeamCountry "RUS"]

1. Nf3 Nf6 2. g3 g6 3. Bg2 Bg7 4. 0-0 0-0 5. c4 c5 6. d4 cxd4 7. Nxd4 Nc6 8. Nc3 Qb6 9. Nb3 d6 10. Be3 Qb4 11. c5 Rd8 12. a3 Qg4 13. Bxc6 bxc6 14. Na5 Qd7 15. cxd6 exd6 16. Qa4 c5 17. Qxd7 Rxd7 18. Rfd1 Ba6 19. Bf4 d5 20. e3 d4 21. Na4 Rd5 22. exd4 cxd4 23. Nc6 Re8 24. Re1 Be2 25. Nb4 Ra5 26. b3 d3 27. Ra2 Rf5 28. Nc3 a5 29. Na6 d2 30. Rxd2 Bxa6 31. Rxe8+ Nxe8 32. Ne4 Bf6 33. Nxf6+ Nxf6 34. Rd6 Bb5 35. a4 Bd7 36. Be3 Be6 37. Bh6 Nd7 38. Ra6 Bd5 39. Rd6 Be6 40. Ra6 Bd5 41. Rd6 Be6 1/2-1/2

[Event "RUS-chT U20"]
[Site "Kolomna"]
[Date "2014.08.09"]
[Round "8"]
[White "Privorotsky, Oleg1111"]
[Black "Serov, Danila"]
[Result "1-0"]
[WhiteElo "1816"]
[BlackElo "1933"]
[PlyCount "77"]
[EventDate "2014.08.02"]
[EventType "swiss"]
[EventRounds "9"]
[EventCountry "RUS"]
[SourceTitle "EXT 2016"]
[Source "ChessBase"]
[SourceDate "2015.10.08"]
[SourceVersion "1"]
[SourceVersionDate "2015.10.08"]
[SourceQuality "1"]

1. e4 c6 2. Nf3 g6 3. d4 Bg7 4. Nc3 d5 5. h3 Nf6 6. Bd3 0-0 7. Be3 dxe4 8. Nxe4 Nbd7 9. Qd2 Nxe4 10. Bxe4 Nf6 11. Bd3 Nd5 12. Bg5 c5 13. c3 cxd4 14. Nxd4 Qb6 15. Ne2 Be6 16. 0-0 Rfd8 17. Rad1 Rac8 18. Rfe1 Nf6 19. Nd4 Bxa2 20. Rxe7 Bd5 21. Rde1 Bf8 22. R7e2 Bc5 23. Qf4 Nh5 24. Bxd8 Nxf4 25. Re8+ Kg7 26. Bxb6 Rxe8 27. Rxe8 Bxb6 28. Bf1 Kf6 29. Nc2 Bc6 30. Re1 h5 31. Nb4 Bd7 32. Nd3 Ne6 33. Ne5 Ba4 34. Bc4 Ng5 35. h4 Ne6 36. Nxf7 Nf4 37. Ne5 g5 38. hxg5+ Kxg5 39. b3 1-0

[Event "RUS-chT U20"]
[Site "Kolomna"]
[Date "2014.08.08"]
[Round "7"]
[White "Serov, Danila"]
[Black "Lipatov, Vladislav"]
[Result "1/2-1/2"]
[WhiteElo "1933"]
[BlackElo "1919"]
[PlyCount "82"]
[EventDate "2014.08.02"]
[EventType "swiss"]
[EventRounds "9"]
[EventCountry "RUS"]
[SourceTitle "EXT 2016"]
[Source "ChessBase"]
[SourceDate "2015.10.08"]
[SourceVersion "1"]
[SourceVersionDate "2015.10.08"]
[SourceQuality "1"]

1. Nf3 c5 2. g3 Nc6 3. Bg2 g6 4. 0-0 Bg7 5. c3 d6 6. e4 e5 7. d3 Nge7 8. Be3 0-0 9. Na3 h6 10. Qd2 Kh7 11. d4 b6 12. Rfd1 Bg4 13. Nc2 f5 14. exf5 e4 15. Nh4 Nxf5 16. Nxf5 gxf5 17. Rf1 Qe7 18. f3 exf3 19. Bxf3 Bxf3 20. Rxf3 Rae8 21. Raf1 cxd4 22. Bxd4 Bxd4+ 23. Nxd4 Nxd4 24. Qxd4 Qe5 25. Qxe5 Rxe5 26. Rd1 Rf6 27. Rfd3 Ree6 28. Kf2 Kg6 29. Kf3 Kf7 30. R1d2 Ke7 31. Re2 Rxe2 32. Kxe2 Re6+ 33. Kf3 Re5 34. Rd4 Kd7 35. Rh4 Re6 36. Rh5 Rf6 37. Ke3 Ke7 38. Kd4 f4 39. gxf4 Rxf4+ 40. Ke3 Rf6 41. Rh4 Ke6 1/2-1/2

[Event "RUS-chT U20"]
[Site "Kolomna"]
[Date "2014.08.05"]
[Round "4"]
[White "Novikov, Konstantin Ivan"]
[Black "Serov, Danila"]
[Result "0-1"]
[WhiteElo "2179"]
[BlackElo "1933"]
[PlyCount "100"]
[EventDate "2014.08.02"]
[EventType "swiss"]
[EventRounds "9"]
[EventCountry "RUS"]
[SourceTitle "EXT 2016"]
[Source "ChessBase"]
[SourceDate "2015.10.08"]
[SourceVersion "1"]
[SourceVersionDate "2015.10.08"]
[SourceQuality "1"]

1. c4 e6 2. g3 Nf6 3. Bg2 d5 4. Nf3 Bd6 5. 0-0 0-0 6. Nc3 c6 7. d4 Nbd7 8. Bg5 h6 9. Bxf6 Nxf6 10. Ne5 Bxe5 11. dxe5 Nd7 12. e4 dxc4 13. Qd4 b5 14. Rfd1 Qb6 15. Qxb6 Nxb6 16. Rd6 Bb7 17. a3 Rfd8 18. Rad1 Rxd6 19. exd6 e5 20. Bh3 Rd8 21. f4 f6 22. Be6+ Kf8 23. fxe5 fxe5 24. Rf1+ Ke8 25. Rf7 Rxd6 26. Rxb7 Rxe6 27. Rxa7 Re7 28. Ra6 Rb7 29. Na2 Kd7 30. Nb4 Kd6 31. Kf2 Kc5 32. Ke3 Rd7 33. b3 Rd6 34. bxc4 Nxc4+ 35. Ke2 Kd4 36. a4 Kxe4 37. a5 Rd2+ 38. Ke1 Rxh2 39. Ra7 Ke3 40. Kd1 Nb2+ 41. Kc1 Nd3+ 42. Nxd3 Kxd3 43. Rxg7 b4 44. Rg6 c5 45. a6 Kc3 46. Kd1 Ra2 47. g4 b3 48. Rxh6 Rd2+ 49. Ke1 b2 50. Rb6 Rd7 0-1

[Event "RUS-chT U20"]
[Site "Kolomna"]
[Date "2014.08.04"]
[Round "3"]
[White "Serov, Danila"]
[Black "Pryalukhin, Danila"]
[Result "1-0"]
[WhiteElo "1933"]
[BlackElo "1594"]
[PlyCount "95"]
[EventDate "2014.08.02"]
[EventType "swiss"]
[EventRounds "9"]
[EventCountry "RUS"]
[SourceTitle "EXT 2016"]
[Source "ChessBase"]
[SourceDate "2015.10.08"]
[SourceVersion "1"]
[SourceVersionDate "2015.10.08"]
[SourceQuality "1"]

1. Nf3 c5 2. g3 Nf6 3. Bg2 d5 4. 0-0 Nc6 5. d3 e5 6. Nbd2 Be7 7. e4 0-0 8. Re1 dxe4 9. dxe4 Nd7 10. Nc4 f6 11. Ne3 Nb6 12. Qe2 Be6 13. Rd1 Qe8 14. Nd5 Qf7 15. c4 Nd4 16. Nxd4 cxd4 17. f4 Bc5 18. Kh1 Bxd5 19. exd5 Kh8 20. b3 Rae8 21. Qd3 Bd6 22. Rf1 Qh5 23. Bd2 exf4 24. Bxf4 Bxf4 25. Rxf4 Re3 26. Qxd4 Rfe8 27. d6 Nd7 28. Bxb7 g5 29. Rxf6 R8e5 30. Rf2 Qh3 31. Raf1 Kg8 32. Bd5+ Kg7 33. Rf7+ Kg6 34. Bg2 Qe6 35. Re7 Qg8 36. Rxd7 Re1 37. Qd3+ Kh6 38. Re7 Rxe7 39. dxe7 Rxe7 40. Qd6+ Re6 41. Rf6+ Rxf6 42. Qxf6+ Kh5 43. g4+ Kh4 44. Qh6+ Kxg4 45. Bh3+ Kf3 46. Qf6+ Ke3 47. Qe6+ Qxe6 48. Bxe6 1-0